Les Obsessions et La Psychasthenie. (Record no. 71154)
[ view plain ]
| 000 -LEADER | |
|---|---|
| fixed length control field | 01418nam a2200325 i 4500 |
| 003 - CONTROL NUMBER IDENTIFIER | |
| control field | EG-GICUC |
| 005 - DATE AND TIME OF LATEST TRANSACTION | |
| control field | 20260415164525.0 |
| 008 - FIXED-LENGTH DATA ELEMENTS--GENERAL INFORMATION | |
| fixed length control field | 260415s1911 fr ||||fr|||| 000 0 fre d |
| 040 ## - CATALOGING SOURCE | |
| Original cataloging agency | EG-GICUC |
| Language of cataloging | fre |
| Transcribing agency | EG-GICUC |
| Modifying agency | EG-GICUC |
| Description conventions | rda |
| 041 0# - LANGUAGE CODE | |
| Language code of text/sound track or separate title | fre |
| 082 04 - DEWEY DECIMAL CLASSIFICATION NUMBER | |
| Edition number | 21 |
| Classification number | 343.634 |
| Item number | R A . O |
| 092 04 - LOCALLY ASSIGNED DEWEY CALL NUMBER (OCLC) | |
| Edition number | 21 |
| 099 ## - LOCAL FREE-TEXT CALL NUMBER (OCLC) | |
| Classification number | Law1 10 343.634 R A . O 1911 |
| 100 0# - MAIN ENTRY--PERSONAL NAME | |
| Personal name | Le D' F. Raymond |
| Relator term | |
| 245 ## - TITLE STATEMENT | |
| Title | Les Obsessions et La Psychasthenie. |
| Number of part/section of a work | 2, |
| Name of part/section of a work | Fragments Des Leçons Cliniques Du Maudi Sur Les Etats Neurastheniques, Les Aboulis, Les Sentimenes D'incompletude. Les Agitations Et Les Angousses Diffuses, Les Algien, Les Phomes, Les Deliges Du Contact, Les Tics, Les Manies Mentales, Les Folies Du Doute, Les Idées Obsedantes, Les Impulsions, Leur Pathogenie Et Leur Traitement. |
| Statement of responsibility, etc. | Par Le D' F. Raymond, Le D' Pierre Janet |
| 250 ## - EDITION STATEMENT | |
| Edition statement | Deuxième Édition |
| 264 #1 - PRODUCTION, PUBLICATION, DISTRIBUTION, MANUFACTURE, AND COPYRIGHT NOTICE | |
| Place of production, publication, distribution, manufacture | Paris : |
| Name of producer, publisher, distributor, manufacturer | Félix Alcan, Éditeur, |
| Date of production, publication, distribution, manufacture, or copyright notice | 1911. |
| 300 ## - PHYSICAL DESCRIPTION | |
| Extent | 543 Pages, pagination diverse : |
| Other physical details | graphiques ; |
| Dimensions | 24 Cm. |
| 336 ## - CONTENT TYPE | |
| Source | rda content |
| Content type term | text |
| 337 ## - MEDIA TYPE | |
| Source | rda media |
| Media type term | Computer |
| 338 ## - CARRIER TYPE | |
| Source | rda carrier |
| Carrier type term | Online Resource |
| 500 ## - GENERAL NOTE | |
| General note | Tous droits de traduction et de reproduction réservés. |
| 546 ## - LANGUAGE NOTE | |
| Language note | Texte en français |
| 650 1# - SUBJECT ADDED ENTRY--TOPICAL TERM | |
| Source of heading or term | Droit pénal |
| 651 1# - SUBJECT ADDED ENTRY--GEOGRAPHIC NAME | |
| Source of heading or term | qrmak |
| 700 0# - ADDED ENTRY--PERSONAL NAME | |
| Personal name | Le D' Pierre Janet |
| Relator term | Co-Auteur |
| 856 40 - ELECTRONIC LOCATION AND ACCESS | |
| Uniform Resource Identifier | <a href="https://fll.law.cu.edu.eg/fulltext/bks/B10-00406.pdf">https://fll.law.cu.edu.eg/fulltext/bks/B10-00406.pdf</a> |
| 905 ## - Cataloger and Reviser Names | |
| Cataloger Name: | Omar |
| 942 ## - ADDED ENTRY ELEMENTS (KOHA) | |
| Source of classification or shelving scheme | Dewey Decimal Classification |
| Koha item type | Books |
| Edition | 21 |
| Suppress in OPAC | No |
| Withdrawn status | Lost status | Source of classification or shelving scheme | Damaged status | Not for loan | Collection | Home library | Current library | Date acquired | Total checkouts | Full call number | Barcode | Date last seen | Copy number | Price effective from | Koha item type |
|---|---|---|---|---|---|---|---|---|---|---|---|---|---|---|---|
| Dewey Decimal Classification | Not for loan | القانون الجنائي | جــــامعة القــاهرة | مكتبة كلية الحقوق - المبنى الرئيسي | 15.04.2026 | Law1 10 343.634 R A . O 2ed - 1911 1000496 V2, C1 | B10-00496 | 15.04.2026 | 1 | 15.04.2026 | Books |